000 00407 a2200145 4500
245 _aShakespeare
_b : A casebook
_hprint
020 _a0876950470
700 _aJump, John Davies
650 _aEnglish Novel
005 20191017172143.0
260 _atnu
_bAurora Publishers
_c[1970]
084 _aPR2807 .J8 1970
300 _a221 p. 21 cm.
_b221 p. 21 cm.
_c221 p. 21 cm.
500 _aedited by John Jump.
490 _aCasebook series
999 _c8503
_d8503